| 000 | 01919nam a2200349 a 4500 | ||
|---|---|---|---|
| 001 | ebr10377736 | ||
| 003 | CaPaEBR | ||
| 006 | m u | ||
| 007 | cr cn||||||||| | ||
| 008 | 090618s2009 dcuaf sb 001 0 eng | ||
| 010 | _z 2009025265 | ||
| 020 | _z9781596981096 | ||
| 040 |
_aCaPaEBR _cCaPaEBR |
||
| 035 | _a(OCoLC)497843064 | ||
| 043 | _an-us--- | ||
| 050 | 1 | 4 |
_aJK2249 _b.M35 2009eb |
| 082 | 0 | 4 |
_a973.932 _222 |
| 100 | 1 | _aMalkin, Michelle. | |
| 245 | 1 | 0 |
_aCulture of corruption _h[electronic resource] : _bObama and his team of tax cheats, crooks, and cronies / _cMichelle Malkin. |
| 260 |
_aWashington, D.C. : _bRegnery Pub. ; _aNew York : _bDistributed to the trade by Perseus Distribution, _cc2009. |
||
| 300 |
_a376 p., [4] p. of plates : _bcol. ill. |
||
| 504 | _aIncludes bibliographical references (p. 293-368) and index. | ||
| 505 | 0 | _aAll hail the achievatrons! -- ONWS : Obama nominee withdrawal syndrome -- Bitter half : first crony Michelle Obama -- Vetting the veep : the myth of "average Joe" Biden -- Meet the mess : inside the crooked cabinet -- Backroom buddies : dancing with the czars -- Money men : lifestyles of the rich and liberal -- SEIU : look for the union label -- Obamacorn : a community of organized racketeers nationwide -- The Clintons : two for the price of one -- Birds of a feather. | |
| 533 |
_aElectronic reproduction. _bPalo Alto, Calif. : _cebrary, _d2013. _nAvailable via World Wide Web. _nAccess may be limited to ebrary affiliated libraries. |
||
| 600 | 1 | 0 |
_aObama, Barack _xEthics. |
| 600 | 1 | 0 |
_aObama, Barack _xFriends and associates. |
| 650 | 0 |
_aPolitical corruption _zUnited States. |
|
| 651 | 0 |
_aUnited States _xPolitics and government _y2009- |
|
| 655 | 7 |
_aElectronic books. _2local |
|
| 710 | 2 | _aebrary, Inc. | |
| 856 | 4 | 0 |
_uhttp://site.ebrary.com/lib/rucke/Doc?id=10377736 _zAn electronic book accessible through the World Wide Web; click to view |
| 999 |
_c193845 _d193845 |
||